<?xml version="1.0" encoding="UTF-8"?>
<collection xmlns="http://www.loc.gov/MARC21/slim">
<record>
  <controlfield tag="001">153760</controlfield>
  <controlfield tag="005">20250512161005.0</controlfield>
  <datafield tag="037" ind1=" " ind2=" ">
    <subfield code="a">TAZ-TFG-2025-538</subfield>
  </datafield>
  <datafield tag="041" ind1=" " ind2=" ">
    <subfield code="a">spa</subfield>
  </datafield>
  <datafield tag="100" ind1="1" ind2=" ">
    <subfield code="a">Julián Domínguez, Pilar</subfield>
  </datafield>
  <datafield tag="242" ind1="0" ind2="0">
    <subfield code="a">Occupational therapy intervention in an adolescent with unilateral cerebral palsy</subfield>
  </datafield>
  <datafield tag="245" ind1="0" ind2="0">
    <subfield code="a">Intervención desde terapia ocupacional en una adolescente con parálisis cerebral unilateral</subfield>
  </datafield>
  <datafield tag="260" ind1=" " ind2=" ">
    <subfield code="a">Zaragoza</subfield>
    <subfield code="b">Universidad de Zaragoza</subfield>
    <subfield code="c">2025</subfield>
  </datafield>
  <datafield tag="506" ind1=" " ind2=" ">
    <subfield code="a">by-nc-sa</subfield>
    <subfield code="b">Creative Commons</subfield>
    <subfield code="c">3.0</subfield>
    <subfield code="u">http://creativecommons.org/licenses/by-nc-sa/3.0/</subfield>
  </datafield>
  <datafield tag="520" ind1=" " ind2=" ">
    <subfield code="a">Las restricciones en la actividad y la participación que enfrentan los jóvenes con parálisis cerebral tienen un impacto significativo en su vida &lt;br />diaria. En este contexto, la terapia ocupacional desempeña un papel fundamental al promover la autonomía y facilitar la participación en ocupaciones significativas. El enfoque Cognitive Orientation to Daily Occupational Performance (CO-OP) se presenta como una intervención eficaz, centrada en la persona, que permite la creación estrategias propias para el desarrollo de habilidades. El objetivo de este trabajo es desarrollar un plan de intervención desde terapia ocupacional en una adolescente con parálisis cerebral unilateral. Se utilizó el Pediatric Evaluation of Disability Inventory Computer Adaptive Test (PEDI-CAT) para evaluar el estado funcional, y la Goal Attainment Scaling (GAS) y la Canadian Occupational Performance Measure (COPM) para establecimiento de metas y la consecución de los objetivos. La intervención se realizó en diez sesiones siguiendo la metodología CO-OP. Tras la intervención se observaron cambios mínimos en la reevaluación del PEDI-CAT. Sin embargo, GAS y COPM mostraron una mejora significativa en el desempeño y la satisfacción de los objetivos establecidos. La aplicación de este enfoque favoreció la mejora del desempeño ocupacional en actividades de autocuidado, lo que resultó en un incremento de la autonomía y una reducción de la carga sobre los cuidadores.  &lt;br />&lt;br /></subfield>
  </datafield>
  <datafield tag="521" ind1=" " ind2=" ">
    <subfield code="a">Graduado en Terapia Ocupacional</subfield>
  </datafield>
  <datafield tag="540" ind1=" " ind2=" ">
    <subfield code="a">Derechos regulados por licencia Creative Commons</subfield>
  </datafield>
  <datafield tag="856" ind1="0" ind2=" ">
    <subfield code="f">819664@unizar.es</subfield>
  </datafield>
  <datafield tag="856" ind1="4" ind2=" ">
    <subfield code="s">1027542</subfield>
    <subfield code="u">http://zaguan.unizar.es/record/153760/files/TAZ-TFG-2025-538.pdf</subfield>
    <subfield code="y">Memoria (spa)</subfield>
  </datafield>
  <datafield tag="909" ind1="C" ind2="O">
    <subfield code="o">oai:zaguan.unizar.es:153760</subfield>
    <subfield code="p">driver</subfield>
    <subfield code="p">trabajos-fin-grado</subfield>
  </datafield>
  <datafield tag="950" ind1=" " ind2=" ">
    <subfield code="a"></subfield>
  </datafield>
  <datafield tag="691" ind1=" " ind2=" ">
    <subfield code="a">0</subfield>
  </datafield>
  <datafield tag="692" ind1=" " ind2=" ">
    <subfield code="a"></subfield>
  </datafield>
  <datafield tag="700" ind1=" " ind2=" ">
    <subfield code="a">López de la Fuente, María José</subfield>
    <subfield code="e">dir.</subfield>
  </datafield>
  <datafield tag="710" ind1="2" ind2=" ">
    <subfield code="a">Universidad de Zaragoza</subfield>
    <subfield code="b">Fisiatría y Enfermería</subfield>
    <subfield code="c">Fisioterapia</subfield>
  </datafield>
  <datafield tag="980" ind1=" " ind2=" ">
    <subfield code="a">TAZ</subfield>
    <subfield code="b">TFG</subfield>
    <subfield code="c">EUCS</subfield>
  </datafield>
  <datafield tag="999" ind1=" " ind2=" ">
    <subfield code="a">20250508174434.CREATION_DATE</subfield>
  </datafield>
  <datafield tag="951" ind1=" " ind2=" ">
    <subfield code="a">deposita:2025-05-12</subfield>
  </datafield>
</record>
</collection>